Registi pedagoghi e comunità teatrali nel Novecento (E scritti inediti) (Record n. 95094)

Dettagli MARC
000 -LEADER
fixed length control field 01700nam a2200289Ia 4500
001 - CONTROL NUMBER
control field F8235
003 - CONTROL NUMBER IDENTIFIER
control field IT-RoPAU
008 - FIXED-LENGTH DATA ELEMENTS--GENERAL INFORMATION
fixed length control field 130308s9999 xx 000 0 und d
040 ## - CATALOGING SOURCE
Original cataloging agency IT-RoPAU
040 ## - CATALOGING SOURCE
Transcribing agency IT-RoPAU
041 ## - LANGUAGE CODE
Language code of text/sound track or separate title ITALIANO
100 ## - MAIN ENTRY--PERSONAL NAME
Personal name Cruciani Fabrizio
100 ## - MAIN ENTRY--PERSONAL NAME
Miscellaneous information Codice Aut. SPICS: 7672
245 ## - TITLE STATEMENT
Title Registi pedagoghi e comunità teatrali nel Novecento (E scritti inediti)
245 ## - TITLE STATEMENT
Remainder of title Registi Pedagoghi e Comunita' teatrali nel Novecento (E scritti Inediti)
250 ## - EDITION STATEMENT
Edition statement 1a ed.
260 ## - PUBLICATION, DISTRIBUTION, ETC. (IMPRINT)
Place of publication, distribution, etc. ROMA
260 ## - PUBLICATION, DISTRIBUTION, ETC. (IMPRINT)
Name of publisher, distributor, etc. Editori & Associati
260 ## - PUBLICATION, DISTRIBUTION, ETC. (IMPRINT)
Date of publication, distribution, etc. 1995 [1° Ed.:1995 - Ed.Ling.Originale:1995]
300 ## - PHYSICAL DESCRIPTION
Extent "282 p. (prefazione: no ; testo: 282 [pagine: 0-0])"
500 ## - GENERAL NOTE
General note L'Autore Individua Il Filo Principale del Teatro del Novecento Nei protagonisti del Rifiuto: Coloro Che, Minoritari, Marginali o Quasi Invisibili Perle cronache Teatrali, in Realtà Hanno Fatto la Storia del Teatro Contemporaneo. Introduzione per immagini dal Teatro del Nostro Passato: buco nel Sipario. padri fondatori e Teatro del Novecento. Teatro Pedagogia del Novecento. Teatri di Disturbo e Teatri di Liturgia. Alla Ricerca di un Attore Non Progettato. Sulla Scienza di Stanislavskij. Teatro Creativo, Kerzencev e Teatro Rivoluzionario della Russia Sovietica. scena di Weimar tra Teatro Politico e Teatro di Rivoluzione. Pubblico Come Popolo in Francia. guardare Teatro: Aporie del Critico nel Teatro del Novecento. in Theatrum Oratio. Due Inediti: guardando Il Lavoro dell'Attore, Scappare dal Centro: Storia di copeau (Conferenza a Malta Il 7 maggio 1992).
650 ## - SUBJECT ADDED ENTRY--TOPICAL TERM
Topical term or geographic name as entry element TEORICHE TEATRALI
650 ## - SUBJECT ADDED ENTRY--TOPICAL TERM
Relator term Codice materia Spics: 8405
942 ## - ADDED ENTRY ELEMENTS (KOHA)
Koha item type LIBRO
957 ## -
-- 1
999 ## - SYSTEM CONTROL NUMBERS (KOHA)
-- 1
Dati di copia
Withdrawn status Lost status Damaged status Not for loan Home library Current library Date acquired Total Checkouts Full call number Date last seen Price effective from Koha item type Public note
    Buone Condizioni Not For Loan SPICS-MEDIATECA SPICS-MEDIATECA 08/03/2013   F8235 08/03/2013 08/03/2013 LIBRO Progressivo inserimento: 54186 / N. Volumi: 1 Copie: 1 / data import: 1 marzo 2013 - By Epidotti, Trombetti, Vaglietti.
CREDITS: SOCIETA' SAN PAOLO Via A.Severo, 58 - ROMA (RM) & PERIODICI SAN PAOLO SRL Via Giotto, 36 MILANO & CISF Via Giotto, 36 MILANO & EDIZIONI SAN PAOLO SRL,  Piazza Soncino, 5 CINISELLO BALSAMO (MI) -- ITALY